Loading...
| History - Other History | 0 | 2 | 0 | 0 | 20 | 76 | 95.50 | 0 | 1 |
| History - American History | 0 | 2 | 1 | 1 | 15 | 69 | 97.50 | 0 | 1 |
| History - European History | 0 | 1 | 0 | 0 | 10 | 108 | 108.00 | 0 | 0 |
| History - World History | 0 | 1 | 0 | 0 | 10 | 123 | 123.00 | 0 | 0 |
| Literature - American Literature | 0 | 1 | 0 | 0 | 10 | 114 | 114.00 | 0 | 0 |
| Fine Arts - Other Fine Arts | 0 | 1 | 0 | 1 | 10 | 135 | 135.00 | 0 | 0 |
| Geography | 0 | 1 | 0 | 0 | 10 | 96 | 96.00 | 0 | 1 |
| Literature - European Literature | 0 | 0 | 0 | 0 | 0 | 0.00 | 0 | 0 | |
| Science - Biology | 0 | 0 | 0 | 0 | 0 | 0.00 | 0 | 0 | |
| Literature - World Literature | 0 | 0 | 1 | 0 | -5 | 0.00 | 0 | 0 |